01074 2200325 4500001002100000005001500021035002000036007000300056008004100059020002200100040002200122082001600144084001800160090002200178100003500200245016000235250003400395300003900429850001200468504003100480264004100511336002100552337003000573338002300603999002200626700002900648700003200677650001700709990002200726INLIS00000000086893720220318022227 a0010-0322000603ta220318s2021 yoia g ind d a978-623-236-215-4 aYOPDYOGbinderda04223a302.231 a302.231 SEP m aCB-D.11 2021-24080 aSepti Nur WijayantiePengarang10aMonograf pengaruh media sosial terhadap peningkatan partisipasi pemilih dalam pilkada serentak 2020 /cSepti Nur Wijayanti, Sri Handayani, Sovia Sitta sari aCetakan Pertama: Oktober 2021 aviii, 92 halaman :btabel ;c23 cm aYOPDYOG aBibliografi: halaman 87-92 aYogyakarta :bPustaka Pelajar,c2021 2rdacontentateks 2rdamediaatanpa perantara 2rdacarrieravolume aCB-D.11/2021-24080 aSri HandayaniePengarang0 aSovia Sitta sariePengarang 4aMedia Sosial aCB-D.11/2021-2408